| 000 | 01130naa a22003137a 4500 | ||
|---|---|---|---|
| 001 | BR6009970 | ||
| 003 | BR-BrBNA | ||
| 005 | 20240918173130.0 | ||
| 007 | ta | ||
| 008 | 230509b bl.||||| |||| 00| 0 por d | ||
| 040 |
_aBR-BrBNA _bpor _cBiblioteca Nacional de Agricultura |
||
| 041 | _a(Pt) | ||
| 072 |
_aH00 _b0430 _b3575 _bG514 |
||
| 090 | _aH00 BR6009970 | ||
| 100 | 1 | _aMotta, R.A. | |
| 111 | 1 |
_aConferencia Internacional Algodoeira _cRio de Janeiro, GB (Brazil) _d15 Oct 1922 |
|
| 245 | 1 | _aO expurgo do algodao em caroco e sementes de algodao no estado de Minas Geraes [Gossypium spp; Brasil] | |
| 260 | 3 |
_aRio de Janeiro, GB (Brasil): _c1922. |
|
| 500 | _aAnnaes da Conferencia Internacional Algodoeira Rio de Janeiro, GB (Brasil): 1922. p. 79-83 (BR6009970-AM)H00 | ||
| 650 | _aDefesa vegetal | ||
| 650 | _aAlgodao | ||
| 650 | _aSemente | ||
| 650 | _aDesinfeccao | ||
| 650 | _aControle termico | ||
| 650 | _aExpurgo | ||
| 773 | 0 |
_tAnnaes da Conferencia Internacional Algodoeira _b _wH00 BR6009970 _gRio de Janeiro, GB (Brasil), 1922. p. 79-83 |
|
| 909 |
_a202404 _bLucia _c55 _dLucia Elande |
||
| 942 |
_cAM _2AGRIS |
||
| 999 |
_c303051 _d303051 |
||